Apprendre comment et pourquoi ? (notice n° 1586534)
[ vue normale ]
| 000 -LEADER | |
|---|---|
| fixed length control field | 01401cam a2200217 4500500 |
| 005 - DATE AND TIME OF LATEST TRANSACTION | |
| control field | 20251228055843.0 |
| 041 ## - LANGUAGE CODE | |
| Language code of text/sound track or separate title | fre |
| 042 ## - AUTHENTICATION CODE | |
| Authentication code | dc |
| 100 10 - MAIN ENTRY--PERSONAL NAME | |
| Personal name | Salvat, Françoise |
| Relator term | author |
| 245 00 - TITLE STATEMENT | |
| Title | Apprendre comment et pourquoi ? |
| 260 ## - PUBLICATION, DISTRIBUTION, ETC. | |
| Date of publication, distribution, etc. | 2006.<br/> |
| 500 ## - GENERAL NOTE | |
| General note | 68 |
| 520 ## - SUMMARY, ETC. | |
| Summary, etc. | RésuméPartant d’une présentation des caractéristiques des publics en difficulté d’insertion socioprofessionnelle accueillis dans le cadre des dispositifs de formation mis en place par defi, cet article présente les principes et pratiques pédagogiques des équipes de formation.L’accent est mis sur les modalités retenues pour développer l’acquisition et le renforcement des savoirs de base qui reposent sur une logique de « l’apprendre à apprendre », prenant en compte les situations spécifiques de chaque stagiaire et la valorisation des expériences en entreprise.En fin d’article, un formateur de l’équipe précise les démarches de médiation utilisées pour modifier les attitudes des jeunes face à l’apprentissage. |
| 690 ## - LOCAL SUBJECT ADDED ENTRY--TOPICAL TERM (OCLC, RLIN) | |
| Topical term or geographic name as entry element | gestion de l'alternance |
| 690 ## - LOCAL SUBJECT ADDED ENTRY--TOPICAL TERM (OCLC, RLIN) | |
| Topical term or geographic name as entry element | publics en difficulté d'insertion |
| 690 ## - LOCAL SUBJECT ADDED ENTRY--TOPICAL TERM (OCLC, RLIN) | |
| Topical term or geographic name as entry element | remédiation cognitive |
| 690 ## - LOCAL SUBJECT ADDED ENTRY--TOPICAL TERM (OCLC, RLIN) | |
| Topical term or geographic name as entry element | savoirs de base |
| 700 10 - ADDED ENTRY--PERSONAL NAME | |
| Personal name | Batchir, Malik |
| Relator term | author |
| 786 0# - DATA SOURCE ENTRY | |
| Note | Empan | 63 | 3 | 2006-11-01 | p. 84-91 | 1152-3336 |
| 856 41 - ELECTRONIC LOCATION AND ACCESS | |
| Uniform Resource Identifier | <a href="https://shs.cairn.info/revue-empan-2006-3-page-84?lang=fr&redirect-ssocas=7080">https://shs.cairn.info/revue-empan-2006-3-page-84?lang=fr&redirect-ssocas=7080</a> |
Pas d'exemplaire disponible.




Réseaux sociaux